[Event "Vignola op 11th"]
[Site "Vignola"]
[Date "2012.11.18"]
[Round "4"]
[White "De Biaggi, Paolo"]
[Black "Malfagia, Andrea"]
[Result "0-1"]
[WhiteElo "1865"]
[BlackElo "2254"]
[PlyCount "74"]
[EventDate "2012.11.16"]
[EventType "swiss"]
[EventRounds "5"]
[EventCountry "ITA"]
[SourceTitle "EXT 2014"]
[Source "ChessBase"]
[SourceDate "2013.11.20"]
[SourceVersion "1"]
[SourceVersionDate "2013.11.20"]
[SourceQuality "1"]

1. e4 c6 2. d4 d5 3. e5 Bf5 4. Bd3 Bxd3 5. Qxd3 e6 6. Ne2 Qb6 7. 0-0 Qa6 8. Qxa6 Nxa6 9. c3 c5 10. a3 c4 11. f4 Ne7 12. Nd2 Rc8 13. Ng3 h5 14. h4 Ng6 15. Nf3 Be7 16. f5 Nxh4 17. Ng5 Rc6 18. Bd2 Rb6 19. Rab1 Nc7 20. fxe6 fxe6 21. Rf7 Rg8 22. Nxh5 Bxg5 23. Rxg7 Bxd2 24. Nf6+ Kf8 25. Rxg8+ Kf7 26. Rh8 Nf5 27. g4 Ng7 28. Nd7 Rb5 29. Kg2 Nce8 30. Kg3 Ke7 31. Nf8 Bxc3 32. Ng6+ Kd7 33. Rf1 Bxd4 34. Rf7+ Kc6 35. Ne7+ Kc5 36. Kf4 Rxb2 37. Nc8 Rf2+ 0-1

[Event "Vignola op 11th"]
[Site "Vignola"]
[Date "2012.11.17"]
[Round "3"]
[White "Armaroli, Alberto"]
[Black "De Biaggi, Paolo"]
[Result "0-1"]
[WhiteElo "1553"]
[BlackElo "1865"]
[PlyCount "120"]
[EventDate "2012.11.16"]
[EventType "swiss"]
[EventRounds "5"]
[EventCountry "ITA"]
[SourceTitle "EXT 2014"]
[Source "ChessBase"]
[SourceDate "2013.11.20"]
[SourceVersion "1"]
[SourceVersionDate "2013.11.20"]
[SourceQuality "1"]

1. c4 c5 2. Nc3 Nc6 3. g3 g6 4. Bg2 Bg7 5. Nf3 Nf6 6. 0-0 0-0 7. a3 a6 8. Rb1 e6 9. d4 cxd4 10. Nxd4 Nxd4 11. Qxd4 Re8 12. Qh4 Nh5 13. Qxd8 Rxd8 14. Na4 Rb8 15. Nb6 Bd4 16. Nxc8 Rdxc8 17. Rd1 Bf6 18. Rxd7 Rxc4 19. Rxb7 Rd8 20. Ra7 Rd1+ 21. Bf1 Rcxc1 22. Rxc1 Rxc1 23. b4 Rc6 24. e3 Bb2 25. Rxa6 Rxa6 26. Bxa6 Bxa3 27. b5 Bc5 28. Kg2 f5 29. Kf3 Kf7 30. g4 Nf6 31. gxf5 exf5 32. Kf4 Ng4 33. e4 Bd6+ 34. Kf3 Nxh2+ 35. Ke3 Bc5+ 36. Kf4 Bd6+ 37. Ke3 Ng4+ 38. Kf3 Ne5+ 39. Ke3 fxe4 40. Kxe4 Nd7 41. Kf3 Kf6 42. Kg2 Nb6 43. Bb7 h5 44. Kh3 g5 45. f3 Bf4 46. Kg2 Ke5 47. Bc6 Kd6 48. Be4 h4 49. Bc6 Kc5 50. Be8 Nc4 51. Bd7 Nd6 52. Be6 Nxb5 53. Bg4 Kd4 54. Bc8 Ke3 55. Bd7 Nd4 56. Bg4 Ke2 57. Bh5 Nc2 58. Bg4 Ne3+ 59. Kh3 Nxg4 60. fxg4 Bc1 0-1

[Event "Modena Province-ch 11"]
[Site "Modena"]
[Date "2010.12.10"]
[Round "1"]
[White "Faglioni, Isacco"]
[Black "De Biaggi, Paolo"]
[Result "0-1"]
[WhiteElo "1476"]
[BlackElo "1884"]
[PlyCount "68"]
[EventDate "2010.12.10"]
[EventType "swiss"]
[EventRounds "5"]
[EventCountry "ITA"]
[SourceTitle "EXT 2024"]
[Source "ChessBase"]
[SourceDate "2023.10.10"]
[SourceVersion "1"]
[SourceVersionDate "2023.10.10"]
[SourceQuality "1"]

1. e4 e5 2. Nf3 Nf6 3. Nxe5 d6 4. Nf3 Nxe4 5. Bc4 d5 6. Bb3 Be7 7. d4 0-0 8. 0-0 b5 9. Bf4 a5 10. a4 b4 11. Nbd2 Bg4 12. h3 Nxd2 13. Bxd2 Bh5 14. Qe2 Re8 15. Rfe1 c6 16. Bg5 f6 17. Bh4 Nd7 18. Qe6+ Kh8 19. Re3 Rc8 20. Rae1 Bc5 21. Qf5 Rxe3 22. Rxe3 Bxf3 23. Rxf3 Bxd4 24. c3 Be5 25. Bc2 Nf8 26. Re3 Qd7 27. Qh5 bxc3 28. bxc3 Rb8 29. Bg3 Bxg3 30. Rxg3 Re8 31. Bf5 Re1+ 32. Kh2 Qe7 33. Re3 Rxe3 34. fxe3 g6 0-1

[Event "Noale Szabados Memorial-B 3rd"]
[Site "Noale"]
[Date "2010.02.07"]
[Round "5"]
[White "Zanirato, Stefano"]
[Black "De Biaggi, Paolo"]
[Result "0-1"]
[WhiteElo "1918"]
[BlackElo "1887"]
[PlyCount "120"]
[EventDate "2010.02.05"]
[EventType "swiss"]
[EventRounds "5"]
[EventCountry "ITA"]
[SourceTitle "EXT 2022"]
[Source "ChessBase"]
[SourceDate "2021.10.06"]
[SourceVersion "1"]
[SourceVersionDate "2021.10.06"]
[SourceQuality "1"]

1. e4 e5 2. Nf3 Nf6 3. Nc3 Bb4 4. d3 Nc6 5. Bd2 d5 6. exd5 Nxd5 7. Ne4 Bxd2+ 8. Qxd2 Qe7 9. c4 Nb6 10. Be2 Bg4 11. Qg5 Qxg5 12. Nexg5 h6 13. Ne4 0-0-0 14. 0-0-0 f5 15. Nc5 Rhe8 16. Rhe1 e4 17. dxe4 Rxd1+ 18. Bxd1 fxe4 19. Nxe4 Nxc4 20. b3 Bxf3 21. gxf3 N4e5 22. Re3 Rd8 23. f4 Nd3+ 24. Kb1 Nxf4 25. Bg4+ Kb8 26. Nc5 Nd5 27. Rd3 Nf6 28. Rxd8+ Nxd8 29. Nd7+ Nxd7 30. Bxd7 c5 31. Kc2 Kc7 32. Be8 Kd6 33. Kd3 Ne6 34. Ke4 Nd4 35. f4 Ne6 36. h4 Nc7 37. Bf7 Ke7 38. Bg6 Ke6 39. h5 b5 40. Kf3 Nd5 41. Be8 b4 42. Bb5 Nc3 43. Bc4+ Kf6 44. Ke3 a5 45. Kd3 Kf5 46. Bf7 Kxf4 47. Kc4 Nxa2 48. Kxc5 Kg5 49. Kb5 Nc1 50. Kxa5 Nxb3+ 51. Kxb4 Nd4 52. Kc4 Nf5 53. Kd5 Ng3 54. Ke5 Nxh5 55. Bd5 Nf6 56. Bg2 h5 57. Ke6 Ng4 58. Kf7 Kh6 59. Bh3 g5 60. Ke6 Nf2 0-1

[Event "Modena Province-ch"]
[Site "Modena"]
[Date "2009.12.12"]
[Round "2"]
[White "Del Gaiso, Massimo"]
[Black "De Biaggi, Paolo"]
[Result "0-1"]
[WhiteElo "1614"]
[BlackElo "1878"]
[PlyCount "96"]
[EventDate "2009.12.11"]
[EventType "swiss"]
[EventRounds "5"]
[EventCountry "ITA"]
[SourceTitle "EXT 2012"]
[Source "ChessBase"]
[SourceDate "2011.11.24"]
[SourceVersion "1"]
[SourceVersionDate "2011.11.24"]
[SourceQuality "1"]

1. e4 e5 2. d4 exd4 3. c3 dxc3 4. Nxc3 d6 5. Bc4 Be6 6. Bxe6 fxe6 7. Qb3 Qc8 8. Nf3 Be7 9. Nd4 Kf7 10. Nce2 c5 11. Nxe6 Qxe6 12. Qxb7 Nf6 13. Qxa8 d5 14. exd5 Nxd5 15. 0-0 Rd8 16. Nf4 Qa6 17. Re1 Nc6 18. Qxd8 Bxd8 19. Nxd5 Nd4 20. Re4 Qd3 21. Nc3 Nc2 22. Rb1 Bf6 23. Rf4 Nd4 24. Ra1 Ne2+ 25. Kh1 Nxf4 26. Bxf4 Bxc3 27. bxc3 Qxc3 28. Rc1 Qb4 29. Be3 c4 30. Bxa7 Qa3 31. Be3 Qxa2 32. h4 Qb3 33. Kh2 c3 34. g4 c2 35. Kg2 Qd5+ 36. Kg3 Qd3 37. Kg2 Ke6 38. h5 Kd5 39. Kg3 Kc4 40. Kg2 Kb3 41. Bf4 Qe4+ 42. Kg3 Kb2 43. Rf1 Qe2 44. Rg1 Qd1 45. Kh2 Qf3 46. Be5+ Kb3 47. Bg3 Qxg4 48. Re1 Qxh5+ 0-1

[Event "Mirandola Giovanni Pico op 2nd"]
[Site "Mirandola"]
[Date "2009.01.10"]
[Round "2"]
[White "Buriani, Andrea"]
[Black "De Biaggi, Paolo"]
[Result "1-0"]
[WhiteElo "2155"]
[BlackElo "1904"]
[PlyCount "113"]
[EventDate "2009.01.09"]
[EventType "swiss"]
[EventRounds "5"]
[EventCountry "ITA"]
[SourceTitle "EXT 2011"]
[Source "ChessBase"]
[SourceDate "2010.11.26"]
[SourceVersion "1"]
[SourceVersionDate "2010.11.26"]
[SourceQuality "1"]

1. d4 e6 2. Nf3 c5 3. e3 Nf6 4. Bd3 b6 5. 0-0 d5 6. b3 Bd6 7. Nbd2 Bb7 8. Bb2 Nbd7 9. Ne5 cxd4 10. exd4 Qc7 11. Re1 0-0 12. Qe2 Rac8 13. Rac1 Qb8 14. Qe3 Rfd8 15. Qh3 Nf8 16. Ndf3 Rc7 17. Ng5 h6 18. Ngf3 Ne4 19. Re2 f6 20. Ng4 Ng6 21. g3 f5 22. Nge5 Nxe5 23. dxe5 Bc5 24. c3 Be7 25. Nd4 Bc8 26. Qh5 Bc5 27. Rec2 Bxd4 28. cxd4 Rxc2 29. Rxc2 Bd7 30. Qd1 Ng5 31. h4 Nf7 32. Qc1 Rc8 33. Ba6 Rxc2 34. Qxc2 Nd8 35. Ba3 Nc6 36. Bd6 Qe8 37. Qc3 Qg6 38. Bb5 Qe8 39. Ba6 Qg6 40. Bb5 Nxd4 41. Qxd4 Bxb5 42. Bb8 Qf7 43. Qb4 Be8 44. Qd6 Kh7 45. b4 g5 46. hxg5 hxg5 47. Qd8 Kg6 48. Bd6 Kh5 49. Be7 f4 50. Bxg5 fxg3 51. fxg3 Kg4 52. Bf4 Qh5 53. Qe7 Kh3 54. Qxe6+ Qg4 55. Qxd5 Qe2 56. Qe6+ Qg4 57. Qxe8 1-0

[Event "Rivarolo Mantovano Weekend 5th"]
[Site "Rivarolo Mantovano"]
[Date "2007.10.14"]
[Round "5"]
[White "Buccella, Francescantonio"]
[Black "De Biaggi, Paolo"]
[Result "1/2-1/2"]
[WhiteElo "1509"]
[BlackElo "1949"]
[PlyCount "50"]
[EventDate "2007.10.12"]
[EventType "swiss"]
[EventRounds "5"]
[EventCountry "ITA"]
[SourceTitle "EXT 2010"]
[Source "ChessBase"]
[SourceDate "2010.11.25"]
[SourceVersion "1"]
[SourceVersionDate "2010.11.25"]
[SourceQuality "1"]

1. e4 e5 2. Nf3 Nf6 3. Nc3 Bb4 4. Bc4 Bxc3 5. bxc3 d6 6. d3 h6 7. h3 0-0 8. 0-0 a5 9. a4 Be6 10. Bb3 Nbd7 11. Be3 b6 12. c4 Rb8 13. Qd2 Re8 14. g4 Nh7 15. Kh2 g5 16. Rg1 c5 17. Rg3 Ndf8 18. Rag1 Ng6 19. h4 gxh4 20. Rh3 Qf6 21. Bxh6 Kh8 22. Be3 Rg8 23. Ng5 Nf4 24. Nxh7 Kxh7 25. Bxf4 exf4 1/2-1/2

[Event "Emilia Romagna Province-ch"]
[Site "Formigine"]
[Date "2007.05.01"]
[Round "5"]
[White "Buriani, Andrea"]
[Black "De Biaggi, Paolo"]
[Result "1-0"]
[WhiteElo "2144"]
[BlackElo "1989"]
[PlyCount "169"]
[EventDate "2007.04.28"]
[EventType "swiss"]
[EventRounds "6"]
[EventCountry "ITA"]
[SourceTitle "EXT 2009"]
[Source "ChessBase"]
[SourceDate "2008.11.26"]
[SourceVersion "1"]
[SourceVersionDate "2008.11.26"]
[SourceQuality "1"]

1. d4 e6 2. Nf3 c5 3. e3 d5 4. c3 a6 5. Nbd2 Nd7 6. Ne5 Qc7 7. f4 g6 8. Bd3 f5 9. 0-0 Ngf6 10. c4 Bd6 11. b3 0-0 12. Bb2 Rb8 13. Qe2 Ne4 14. Rac1 Qa5 15. Rc2 Nxd2 16. Qxd2 Qxd2 17. Rxd2 Nxe5 18. fxe5 Be7 19. cxd5 exd5 20. Ba3 b5 21. Bxc5 Bxc5 22. dxc5 Bb7 23. Be2 Rfe8 24. Bf3 Rxe5 25. Kf2 Rbe8 26. Rd3 Kf7 27. Rc1 Bc6 28. b4 Ke6 29. Rcc3 Ra8 30. Ra3 Kd7 31. Rd4 h5 32. h4 Bb7 33. Kg3 Ke6 34. Kf4 Kf6 35. Ra5 Bc6 36. Rd3 Bb7 37. Rc3 Re6 38. Raa3 Bc6 39. Rc2 Re7 40. Rd2 Re5 41. Rd4 Bb7 42. Rdd3 Bc6 43. Kg3 Ke6 44. Kf2 Kd7 45. Ke2 Ke6 46. Rd4 Bb7 47. Rad3 a5 48. bxa5 Rxa5 49. a3 Bc6 50. Kd2 Ra8 51. Rb4 Ra7 52. Rdb3 Ra5 53. Kd3 Bd7 54. Ke2 Bc6 55. Kf2 Be8 56. Kg3 Bc6 57. Kf4 Kf6 58. Rd4 Ra6 59. Rbd3 Ra4 60. Rxa4 bxa4 61. Rd4 Re8 62. Rb4 Re7 63. Rb6 Re6 64. Ra6 Bb5 65. Rxe6+ Kxe6 66. Kg5 Be8 67. c6 Bxc6 68. Kxg6 Be8+ 69. Kg5 Ke5 70. g3 Bf7 71. Kh6 Be8 72. Kg7 Bb5 73. Kf7 Bc4 74. Ke7 Bb3 75. Kd7 d4 76. exd4+ Kxd4 77. Bxh5 Kc3 78. Bg6 Kb2 79. h5 Kxa3 80. h6 Bg8 81. h7 Bxh7 82. Bxh7 Kb4 83. Bxf5 Kc4 84. Kd6 Kd4 85. g4 1-0